000 00561nam a22002177a 4500
003 UA-OsUOA
001 56427
007 ta
008 20081027b un ||||| |||| 00| 0 ukr d
100 _aПатиківській Ю.
090 _a330(477)
_bП20
942 _cSA
040 _aUA-OsUOA
_bukr
_cUA-OsUOA
_dUA-OsUOA
245 _aПобачите там кризу, не чіпайте. Вона моя!
300 _aС.5
955 _a0
041 _aukr
080 _a330(477)
773 0 _w56426
650 7 _a330 Економіка взагалі
_2UDC
999 _c342512
_d342512